[Event "Ricany op"]
[Site "Ricany"]
[Date "2023.08.28"]
[Round "4"]
[White "Stufka, Karel"]
[Black "Kubicek, Daniel1111"]
[Result "0-1"]
[WhiteElo "1730"]
[BlackElo "1561"]
[PlyCount "38"]
[EventDate "2023.08.26"]
[EventType "swiss"]
[EventRounds "9"]
[EventCountry "CZE"]
[SourceTitle "EXT 2024"]
[Source "ChessBase"]
[SourceDate "2023.10.10"]
[SourceVersion "1"]
[SourceVersionDate "2023.10.10"]
[SourceQuality "1"]

1. d4 f5 2. c4 e6 3. g3 Nf6 4. Bg2 d5 5. Nc3 c6 6. b3 Nbd7 7. Nf3 Bd6 8. 0-0 0-0 9. Bb2 f4 10. Re1 fxg3 11. hxg3 Ng4 12. Bh3 Ndf6 13. Kg2 Bxg3 14. Bxg4 Nxg4 15. Kxg3 Qd6+ 16. Kg2 Rxf3 17. Kxf3 Qh2 18. Rf1 Qh3+ 19. Kf4 Bd7 0-1

[Event "Ricany op"]
[Site "Ricany"]
[Date "2023.08.27"]
[Round "3"]
[White "Stanek, Ondrej1111"]
[Black "Stufka, Karel"]
[Result "1-0"]
[WhiteElo "2065"]
[BlackElo "1730"]
[PlyCount "83"]
[EventDate "2023.08.26"]
[EventType "swiss"]
[EventRounds "9"]
[EventCountry "CZE"]
[SourceTitle "EXT 2024"]
[Source "ChessBase"]
[SourceDate "2023.10.10"]
[SourceVersion "1"]
[SourceVersionDate "2023.10.10"]
[SourceQuality "1"]

1. e4 e5 2. Nf3 Nc6 3. Bb5 Nf6 4. d3 d6 5. c3 Bd7 6. 0-0 Be7 7. Nbd2 0-0 8. Re1 Re8 9. Nf1 h6 10. Ng3 a6 11. Ba4 b5 12. Bc2 Bf8 13. a4 Ne7 14. h3 Ng6 15. d4 c5 16. Be3 Be6 17. d5 Bd7 18. Qd2 Kh7 19. Ra2 Qc7 20. Rea1 Qb7 21. Qe2 Reb8 22. Nd2 bxa4 23. Nc4 Bb5 24. Bxa4 Nd7 25. Nf5 Bxc4 26. Qxc4 Nb6 27. Qb3 Nxa4 28. Qxa4 Rc8 29. Qc4 Rcb8 30. Bc1 Nf4 31. Rxa6 g6 32. Ne3 Rxa6 33. Rxa6 Ra8 34. Rxa8 Qxa8 35. Nc2 Qc8 36. b4 Nxh3+ 37. gxh3 Qxh3 38. Ne3 g5 39. Qf1 Qf3 40. Qd1 Qxe4 41. Qc2 Qxc2 42. Nxc2 1-0